|
|
|
|
| LEADER |
01245nam a2200265 a 4500 |
| 001 |
4942736 |
| 008 |
101030s1996 njua b 001 0 eng d |
| 010 |
|
|
|a 96007192
|
| 020 |
|
|
|a 0134516591 (alk. paper)
|
| 040 |
|
|
|a DLC
|c DLC
|d DLC
|d BD-DhAAL
|
| 082 |
0 |
0 |
|a 004.6/7
|2 20
|
| 100 |
1 |
|
|a Rose, Marshall T.
|
| 245 |
1 |
4 |
|a The simple book :
|b an introduction to networking management /
|c Marshall T. Rose.
|
| 250 |
|
|
|a Rev. 2nd ed.
|
| 260 |
|
|
|a Upper Saddle River, NJ :
|b Prentice Hall PTR,
|c c1996.
|
| 300 |
|
|
|a xxv, 294 p. :
|b ill. ;
|c 25 cm. +
|e 1 computer laser optical disc (4 3/4 in.)
|
| 490 |
0 |
|
|a Prentice Hall series in innovative technology
|
| 504 |
|
|
|a Includes bibliographical references (p. 285-289) and index.
|
| 541 |
1 |
|
|e 00017991
|
| 650 |
|
0 |
|a Computer networks
|x Management.
|
| 650 |
|
0 |
|a Simple Network Management Protocol (Computer network protocol)
|
| 852 |
4 |
|
|a Ayesha Abed Library
|j General Shelf.
|
| 999 |
|
|
|c 9924
|d 9924
|
| 952 |
|
|
|0 0
|1 0
|2 ddc
|4 0
|6 004_670000000000000_ROS_1996
|7 0
|9 12841
|a BRACUL
|b BRACUL
|c GEN
|d 2010-10-30
|l 0
|o 004.67 ROS
|p 3010017991
|r 2010-10-30
|t 1
|w 2010-10-30
|y BK
|
| 952 |
|
|
|0 0
|1 0
|2 ddc
|4 0
|6 004_670000000000000_ROS_1996
|7 0
|9 12842
|a BRACUL
|b BRACUL
|c GEN
|d 2010-10-30
|l 0
|o 004.67 ROS
|p 3010017992
|r 2010-10-30
|t 2
|w 2010-10-30
|y BK
|